000 00720nam a2200289Ia 4500
005 20260324125926.0
008 008 260324s9999 xx 000 0 eng d
020 _a9781003447481
037 _aEBOOK
040 _aCRL
040 _beng
040 _cCRL
041 _2eng
041 _aeng
084 _qCRL
100 _aCarolyn Lieberg
_91179856
245 0 _aTeaching Your First College Class
245 2 _bA Practical Guide for New Faculty and Graduate Student Instructors
260 _bTaylor and Francis
260 _c2008
365 _a
365 _b110
856 _uhttp://www.taylorfrancis.com/books/9781003447481
942 _cEBOOK
999 _c1775532
_d1775532